Sevilla Goalkeeper By Year - Statistics

General Stats
  • This quiz has been taken 187 times
    15 since last reset
  • The average score is 8 of 70
Answer Stats
Season Goalkeeper % Correct
2022-23 Yassine Bounou
73%
2021-22 Yassine Bounou
73%
2020-21 Yassine Bounou
73%
2024-25 Ørjan Nyland
53%
2023-24 Ørjan Nyland
53%
2019-20 Tomáš Vaclík
53%
2018-19 Tomáš Vaclík
53%
2012-13 Andrés Palop
33%
2009-10 Andrés Palop
33%
2008-09 Andrés Palop
33%
2007-08 Andrés Palop
33%
2006-07 Andrés Palop
33%
2005-06 Andrés Palop
33%
2017-18 Sergio Rico
33%
2016-17 Sergio Rico
33%
2015-16 Sergio Rico
33%
2014-15 Sergio Rico
33%
2025-26 Odysseas Vlachodimos
20%
2013-14 Beto
13%
1978-79 Gustavo Fernández
7%
1977-78 Gustavo Fernández
7%
2011-12 Javi Varas
7%
2010-11 Javi Varas
7%
2002-03 Antonio Notario
0%
2001-02 Antonio Notario
0%
2004-05 Esteban
0%
2003-04 Esteban
0%
1987-88 Fernando Peralta
0%
1986-87 Fernando Peralta
0%
1985-86 Francisco Buyo
0%
1984-85 Francisco Buyo
0%
1983-84 Francisco Buyo
0%
1982-83 Francisco Buyo
0%
1981-82 Francisco Buyo
0%
1980-81 Francisco Buyo
0%
1957-58 Francisco Javier
0%
1956-57 Francisco Javier
0%
1999-00 Frode Olsen
0%
1967-68 José Bonilla
0%
1955-56 José María Busto
0%
1954-55 José María Busto
0%
1953-54 José María Busto
0%
1952-53 José María Busto
0%
1951-52 José María Busto
0%
1950-51 José María Busto
0%
1958-59 José María Cobos
0%
1995-96 Juan Carlos Unzué
0%
1994-95 Juan Carlos Unzué
0%
1993-94 Juan Carlos Unzué
0%
1992-93 Juan Carlos Unzué
0%
1991-92 Juan Carlos Unzué
0%
1990-91 Juan Carlos Unzué
0%
1999-00 Juan José Valencia
0%
1965-66 Miguel Ángel Molina
0%
1996-97 Monchi
0%
1979-80 Paco
0%
1976-77 Paco
0%
1975-76 Paco
0%
1989-90 Rinat Dasayev
0%
1988-89 Rinat Dasayev
0%
1971-72 Rodri Domínguez
0%
1970-71 Rodri Domínguez
0%
1969-70 Rodri Domínguez
0%
1966-67 Rodri Domínguez
0%
1964-65 Rodri Domínguez
0%
1963-64 Salvador Mut
0%
1962-63 Salvador Mut
0%
1961-62 Salvador Mut
0%
1960-61 Salvador Mut
0%
1959-60 Salvador Mut
0%
No matching quizzes found
Score Distribution
Percent of People with Each Score
Percentile by Number Answered
Your Score History
You have not taken this quiz since the last reset